| 000 | 00417nam a22001697a 4500 | ||
|---|---|---|---|
| 005 | 20180530160109.0 | ||
| 008 | 160514b xxu||||| |||| 00| 0 eng d | ||
| 020 | _a81-8054-624-1 | ||
| 041 | _aeng | ||
| 082 |
_b2433 _a510.2433 |
||
| 100 |
_aMehta Madnani _9656 |
||
| 245 | _aMathematics for Economics | ||
| 260 |
_aNew Delhi _bSultan Chand & Sons. _c2008 |
||
| 300 | _a729 | ||
| 650 |
_aManagement _9241 |
||
| 942 | _cBK | ||
| 999 |
_c864 _d864 |
||